Statistiken für Top 50 Handball Players in the Handball Bundesliga 2021/22

Klicken Sie hier um das Quiz zu spielen!

Allgemein

  • Dieses Quiz wurde 116 mal gespielt
  • Das Durchschnittsergebnis liegt bei 11 aus 50

Antwortstatistiken

ClubAntwort% Korrekt
THW KielNiklas Landin
71%
Rhein Neckar LöwenUwe Gensheimer
62%
SG Flensburg HandewittJohannes Golla
60%
THW KielHendrik Pekeler
54%
THW KielSander Sagosen
53%
Füchse BerlinHans Lindberg
52%
THW KielNiclas Ekberg
46%
SC MagdeburgOmar Ingi Magnusson
45%
THW KielDomagoj Duvnjak
44%
THW KielPatrick Wiencek
41%
Rhein Neckar LöwenJannik Kohlbacher
40%
SG Flensburg HandewittJim Gottfridsson
37%
Rhein Neckar LöwenPatrick Groetzki
34%
THW KielHarald Reinkind
31%
SG Flensburg HandewittHampus Wanne
30%
SG Flensburg HandewittKevin Möller
30%
TVB StuttgartViggo Kristjansson
30%
Frisch Auf GöppingenMarcel Schiller
29%
Handball Sportverein HamburgCasper Mortensen
26%
SC MagdeburgLukas Mertens
22%
SG Flensburg HandewittMads Mensah Larsen
22%
Frisch Auf GöppingenSebastian Heymann
22%
HC ErlangenSimon Jeppsson
20%
TBV LemgoBjarki Mar Elisson
18%
SG Flensburg HandewittEmil Jakobsen
18%
Füchse BerlinJacob Holm
18%
TBV LemgoJonathan Carlsbogard
16%
SC MagdeburgMagnus Saugstrup
14%
HC ErlangenSebastian Firnhaber
13%
TBV LemgoGedeon Guardiola
11%
Füchse BerlinMijajlo Marsenic
9%
SG Flensburg HandwittSimon Hald Jensen
9%
Handball Sportverein HamburgNiklas Weller
8%
TSV Hannover BurgdorfIvan Martinovic
7%
TuS Nettelstedt LübbeckeTom Skroblin
7%
Frisch Auf GöppingenKresimir Kozina
6%
SC MagdeburgMagnus Gullerud
5%
HC ErlangenTim Zechel
5%
SG Flensburg HandewittAnton Lindskog
3%
TSV Hannover BurgdorfJustus Fischer
3%
HSG WetzlarAdam Nyfjäll
2%
SC DHfK LeipzigAlen Milosevic
2%
MT MelsungenArnar Arnarsson
2%
TSV Hannover BurgdorfEvgeni Pevnov
2%
HSG WetzlarFelix Danner
2%
SC DHfK LeipzigMaciej Gebala
2%
TVB StuttgartFynn Nicolaus
1%
TuS Nettelstedt LübbeckeLeos Petrovsky
1%
HBW Balingen WeilstettenTobias Heinzelmann
1%
HSG WetzlarTomislav Kusan
1%

Verteilung der Resultate

Perzentil nach korrekt beantworteten Fragen

Anzahl Personen mit jedem Resultat

Ihre Resultats-Entwicklung

Sie haben dieses Quiz noch nicht gespielt